000 00316nam a22001337a 4500
008 171025b xxu||||| |||| 00| 0 eng d
020 _a0030884126
041 _aeng
080 _a311
100 _a55
101 _aSTA
245 _aINTRODUCTION STATISTICS PURPOSESS AND PROCEDURES
_cLUCY.J
942 _2udc
_cBK
999 _c35845
_d35845